Statistics for Reducing Fractions

Click here to take the quiz!

General Stats

  • This quiz has been taken 96 times
  • The average score is 12 of 19

Answer Stats

FRACTIONREDUCED FRACTION% Correct
3 / 61 / 2
99%
8 / 401 / 5
97%
40 / 725 / 9
90%
12 / 481 / 4
87%
60 / 1003 / 5
71%
60 / 754 / 5
66%
13 / 391 / 3
65%
18 / 483 / 8
65%
12 / 214 / 7
63%
55 / 665 / 6
62%
56 / 918 / 13
59%
49 / 707 / 10
57%
26 / 392 / 3
53%
80 / 1925 / 12
46%
19 / 1141 / 6
43%
32 / 1122 / 7
43%
19 / 1331 / 7
40%
42 / 1052 / 5
40%
78 / 1436 / 11
38%

Score Distribution

Percentile by Number Answered

Percent of People with Each Score

Your Score History

You have not taken this quiz